| 000 | 00804cam a2200253 4500 | ||
|---|---|---|---|
| 001 | 27205 | ||
| 003 | BD-RjUL | ||
| 005 | 20211209051127.0 | ||
| 008 | 140324s1970 nyub b 001 0 eng d | ||
| 035 | _a(BD-RjUL)27277 | ||
| 040 |
_aDLC _cDLC _dDLC _dBD-RjUL _beng |
||
| 041 | _aeng | ||
| 082 | 0 | 0 |
_a959 _bALS 1970 |
| 100 | 1 |
_aAllen, Richard, _d1903- _983494 |
|
| 245 | 1 | 2 |
_aA short introduction to the history and politics of Southeast Asia / _cby Richard Allen. |
| 260 |
_aNew York : _bOxford University Press, _c1970. |
||
| 300 |
_ax, 306 p. : _bill. ; _c22 cm. |
||
| 350 | _a6.50 | ||
| 504 | _a"Short bibliography": p. 248-272. and Index | ||
| 651 | 0 |
_aSoutheast Asia _xHistory. _914114 |
|
| 651 | 0 |
_aSoutheast Asia _xPolitics and government. _983495 |
|
| 942 |
_2ddc _cBK |
||
| 999 |
_c27205 _d27205 |
||